| 000 | 00437nam a22001337a 4500 | ||
|---|---|---|---|
| 003 | SGT | ||
| 082 |
_a612.015 _bS21H |
||
| 100 | _aHAQ, S. FAYAZUL | ||
| 245 | _aStudy Of Correlation Of micronutrients Biomarkers of Oxidative Stress abd Antioxidant Status in Type-2 Diabetes Mellitus and it's Associated Chronic Complications | ||
| 260 |
_aSGT UNIVERSITY _bSGT UNIVERSITY _c2021 |
||
| 300 | _a159 | ||
| 650 | _aPHD THESIS | ||
| 942 |
_2ddc _cTH |
||
| 999 |
_c26416 _d26416 |
||